[Event "USA-chT College final"]
[Site "ICC INT"]
[Date "2021.04.03"]
[Round "3"]
[White "Ipatov, Alexander"]
[Black "Khanin, Semen"]
[Result "1/2-1/2"]
[WhiteElo "2644"]
[BlackElo "2506"]
[PlyCount "38"]
[EventDate "2021.04.03"]
[EventType "team-tourn (rapid)"]
[EventRounds "6"]
[EventCountry "USA"]
[SourceTitle "CBM 201 Extra"]
[Source "ChessBase"]
[SourceDate "2021.05.31"]
[SourceVersion "1"]
[SourceVersionDate "2021.05.31"]
[SourceQuality "1"]
[WhiteTeam "St Louis Univ"]
[BlackTeam "Texas Tech Univ"]
[WhiteTeamCountry "USA"]
[BlackTeamCountry "USA"]

1. d4 Nf6 2. c4 e6 3. g3 c5 4. d5 exd5 5. cxd5 d6 6. Nc3 g6 7. Bg2 Bg7 8. Nf3 0-0 9. 0-0 Re8 10. Bf4 h6 11. Re1 g5 12. Bc1 Bf5 13. h4 g4 14. Nd2 Nbd7 15. e4 Bg6 16. Nc4 Nb6 17. Nd2 Nbd7 18. Nc4 Nb6 19. Nd2 Nbd7 1/2-1/2

[Event "Pan American Intercollegiate-chT"]
[Site "Chess.com INT"]
[Date "2021.01.05"]
[Round "5"]
[White "Quesada Perez, Yuniesky"]
[Black "Ipatov, Alexander"]
[Result "1-0"]
[WhiteElo "2593"]
[BlackElo "2644"]
[PlyCount "111"]
[EventDate "2021.01.04"]
[EventType "team-swiss (rapid)"]
[EventRounds "9"]
[EventCountry "USA"]
[SourceTitle "CBM 200 Extra"]
[Source "ChessBase"]
[SourceDate "2021.03.31"]
[SourceVersion "1"]
[SourceVersionDate "2021.03.31"]
[SourceQuality "1"]
[WhiteTeam "Webster Univ II"]
[BlackTeam "St Louis Univ"]
[WhiteTeamCountry "USA"]
[BlackTeamCountry "USA"]

1. e4 c6 2. d4 Na6 3. Nf3 g6 4. h3 Bg7 5. c3 Nc7 6. Nbd2 Nh6 7. Be2 f6 8. 0-0 Nf7 9. Re1 0-0 10. Nf1 e5 11. Ng3 d5 12. dxe5 fxe5 13. h4 Qf6 14. h5 Bg4 15. Nh2 Bxe2 16. Qxe2 Ne6 17. exd5 cxd5 18. Be3 Nf4 19. Bxf4 Qxf4 20. Rad1 Rad8 21. Rd2 Rd6 22. Red1 Rfd8 23. Ng4 Qg5 24. Ne3 e4 25. c4 Be5 26. c5 Bxg3 27. cxd6 Bf4 28. Rxd5 Ne5 29. Rxe5 Qxe5 30. hxg6 hxg6 31. Nc4 Qh5 32. Qxh5 gxh5 33. Rd4 b5 34. Rxe4 Bh6 35. Re6 Bf8 36. Ne3 Rxd6 37. Rxd6 Bxd6 38. Kf1 Kf7 39. Ke2 Kf6 40. g3 Be5 41. b3 Bb2 42. f4 Ke6 43. Kd3 a5 44. Ke4 a4 45. Nf5 axb3 46. axb3 Kf6 47. Nd6 b4 48. Ne8+ Ke7 49. Nc7 Kd6 50. Nd5 Kc5 51. f5 Ba1 52. Nf4 h4 53. gxh4 Kd6 54. Ng6 Kd7 55. h5 Bg7 56. Kd5 1-0

[Event "PRO League Stage"]
[Site "Chess.com INT"]
[Date "2020.01.29"]
[Round "4"]
[White "Harikrishna, Pentala"]
[Black "Ipatov, Alexander"]
[Result "1-0"]
[WhiteElo "2716"]
[BlackElo "2631"]
[PlyCount "61"]
[EventDate "2020.01.06"]
[EventType "team-swiss (rapid)"]
[EventRounds "7"]
[EventCountry "USA"]
[SourceTitle "CBM 194 Extra"]
[Source "ChessBase"]
[SourceDate "2020.03.31"]
[SourceVersion "1"]
[SourceVersionDate "2020.03.31"]
[SourceQuality "1"]
[WhiteTeam "India Yogis"]
[BlackTeam "Turkey Knights"]
[WhiteTeamCountry "IND"]
[BlackTeamCountry "TUR"]

1. d4 g6 2. Nf3 Bg7 3. c3 e6 4. e4 Ne7 5. Bd3 d6 6. Nbd2 Nd7 7. Nf1 b6 8. Be3 Bb7 9. Qd2 h6 10. Ng3 Nf6 11. h3 d5 12. e5 Ne4 13. Qe2 Nf5 14. Bxe4 dxe4 15. Nd2 Qh4 16. Ngxe4 0-0-0 17. g3 Qe7 18. 0-0-0 Qd7 19. Rhe1 Qa4 20. Kb1 Bxe5 21. b3 Bxe4+ 22. Nxe4 Qc6 23. Bxh6 Rxh6 24. dxe5 Rd5 25. h4 Kb7 26. Nf6 Rxd1+ 27. Rxd1 g5 28. h5 g4 29. Qxg4 Qg2 30. Qf4 Rh8 31. g4 1-0

[Event "PRO League Stage"]
[Site "Chess.com INT"]
[Date "2020.01.29"]
[Round "4"]
[White "Ipatov, Alexander"]
[Black "Nihal, Sarin"]
[Result "1/2-1/2"]
[WhiteElo "2631"]
[BlackElo "2618"]
[PlyCount "101"]
[EventDate "2020.01.06"]
[EventType "team-swiss (rapid)"]
[EventRounds "7"]
[EventCountry "USA"]
[SourceTitle "CBM 194 Extra"]
[Source "ChessBase"]
[SourceDate "2020.03.31"]
[SourceVersion "1"]
[SourceVersionDate "2020.03.31"]
[SourceQuality "1"]
[WhiteTeam "Turkey Knights"]
[BlackTeam "India Yogis"]
[WhiteTeamCountry "TUR"]
[BlackTeamCountry "IND"]

1. d4 Nf6 2. c4 e6 3. Nf3 d5 4. Bg5 Bb4+ 5. Nbd2 dxc4 6. a3 Bxd2+ 7. Qxd2 Nbd7 8. Qb4 h6 9. Bh4 b6 10. e3 c5 11. dxc5 Nxc5 12. Bxc4 0-0 13. 0-0 Bb7 14. Rfd1 Qe7 15. Be2 Rfd8 16. h3 Kf8 17. Ne5 g5 18. Bg3 Nce4 19. Bh2 Rxd1+ 20. Rxd1 Qxb4 21. axb4 Nd5 22. f3 Nef6 23. e4 Nf4 24. Bf1 Rc8 25. g3 N4h5 26. b5 Rc7 27. g4 Nf4 28. Nd3 Rd7 29. Bxf4 gxf4 30. Ra1 Bc8 31. Nxf4 Rc7 32. Nd3 Bd7 33. Ne5 Be8 34. Bd3 Nd7 35. Nxd7+ Rxd7 36. Ra3 Rd4 37. Kf2 Rb4 38. Rxa7 Rxb2+ 39. Ke3 Bxb5 40. Bxb5 Rxb5 41. h4 Kg7 42. Rb7 Rb3+ 43. Kf4 Kg6 44. h5+ Kg7 45. e5 Rb4+ 46. Ke3 Rb3+ 47. Kf4 Rb4+ 48. Kg3 Rb3 49. Kg2 Rb2+ 50. Kg3 Rb3 51. Kf4 1/2-1/2

[Event "PRO League Stage"]
[Site "Chess.com INT"]
[Date "2020.01.29"]
[Round "4"]
[White "Ipatov, Alexander"]
[Black "Sethuraman, SP."]
[Result "1/2-1/2"]
[WhiteElo "2631"]
[BlackElo "2638"]
[PlyCount "26"]
[EventDate "2020.01.06"]
[EventType "team-swiss (rapid)"]
[EventRounds "7"]
[EventCountry "USA"]
[SourceTitle "CBM 194 Extra"]
[Source "ChessBase"]
[SourceDate "2020.03.31"]
[SourceVersion "1"]
[SourceVersionDate "2020.03.31"]
[SourceQuality "1"]
[WhiteTeam "Turkey Knights"]
[BlackTeam "India Yogis"]
[WhiteTeamCountry "TUR"]
[BlackTeamCountry "IND"]

1. d4 Nf6 2. c4 e6 3. Nf3 d5 4. Bg5 Bb4+ 5. Nc3 h6 6. Bxf6 Qxf6 7. e3 0-0 8. Rc1 dxc4 9. Bxc4 c5 10. 0-0 cxd4 11. Nxd4 Qe7 12. a3 Bxc3 13. Rxc3 Bd7 1/2-1/2

[Event "PRO League Stage"]
[Site "Chess.com INT"]
[Date "2020.01.20"]
[Round "3"]
[White "Ipatov, Alexander"]
[Black "Plenca, Jadranko"]
[Result "0-1"]
[WhiteElo "2631"]
[BlackElo "2463"]
[PlyCount "72"]
[EventDate "2020.01.06"]
[EventType "team-swiss (rapid)"]
[EventRounds "7"]
[EventCountry "USA"]
[SourceTitle "CBM 194 Extra"]
[Source "ChessBase"]
[SourceDate "2020.03.31"]
[SourceVersion "1"]
[SourceVersionDate "2020.03.31"]
[SourceQuality "1"]
[WhiteTeam "Turkey Knights"]
[BlackTeam "Croatia Bulldogs"]
[WhiteTeamCountry "TUR"]
[BlackTeamCountry "CRO"]

1. d4 d5 2. c4 e6 3. Nf3 Nf6 4. Nc3 a6 5. Bg5 dxc4 6. a4 Nc6 7. e3 Na5 8. Ne5 Bb4 9. Nxc4 Qd5 10. Bxf6 Nxc4 11. Bxc4 Qxc4 12. Bxg7 Rg8 13. Be5 Bd7 14. Bg3 Bc6 15. f3 h5 16. Kf2 Be7 17. Qe2 Qxe2+ 18. Nxe2 0-0-0 19. h4 Rg7 20. Be5 f6 21. Bf4 e5 22. dxe5 Rd2 23. b4 fxe5 24. Bxe5 Rxg2+ 25. Kxg2 Rxe2+ 26. Kg3 Rxe3 27. Rhe1 Rxf3+ 28. Kh2 Bxb4 29. Rf1 Re3 30. Bf4 Re2+ 31. Kg3 Rg2+ 32. Kh3 Rg4 33. Bg3 Bd6 34. Bxd6 Bg2+ 35. Kh2 Bxf1 36. Bxc7 Kxc7 0-1

[Event "Pan American Intercollegiate-chT"]
[Site "Charlotte"]
[Date "2019.12.28"]
[Round "3.2"]
[White "Ipatov, Alexander"]
[Black "Escalante Ramirez, Brian Sebastian"]
[Result "1-0"]
[WhiteElo "2631"]
[BlackElo "2421"]
[PlyCount "111"]
[EventDate "2019.12.27"]
[EventType "team-swiss"]
[EventRounds "6"]
[EventCountry "USA"]
[SourceTitle "CBM 194 Extra"]
[Source "ChessBase"]
[SourceDate "2020.03.31"]
[SourceVersion "1"]
[SourceVersionDate "2020.03.31"]
[SourceQuality "1"]
[WhiteTeam "St Louis Univ"]
[BlackTeam "Webster Univ III"]
[WhiteTeamCountry "USA"]
[BlackTeamCountry "USA"]

1. Nf3 Nf6 2. g3 g6 3. Bg2 Bg7 4. 0-0 0-0 5. d4 d6 6. c4 c5 7. dxc5 dxc5 8. Nc3 Nc6 9. Bf4 Nh5 10. Bg5 h6 11. Bd2 Be6 12. Qc1 Kh7 13. Nd5 Qc8 14. Bc3 Bh3 15. Bxg7 Nxg7 16. Qe3 Bxg2 17. Kxg2 Qe6 18. Qxc5 Qxe2 19. Rfe1 Qxb2 20. Qb5 Qxb5 21. cxb5 Na5 22. Rxe7 Nf5 23. Rc7 Rad8 24. Nf4 Kg8 25. Ne5 Rc8 26. Rac1 Nd6 27. Rxc8 Rxc8 28. Rd1 Nac4 29. Nxc4 Nxc4 30. Rd7 Na5 31. Nd3 Re8 32. Nc5 Re2 33. a4 Ra2 34. h4 h5 35. Kf3 Kf8 36. Rc7 Kg8 37. Rc8+ Kg7 38. Ra8 a6 39. bxa6 bxa6 40. Rxa6 Nc4 41. Ra7 Ne5+ 42. Ke4 Ng4 43. f3 Re2+ 44. Kd3 Re3+ 45. Kd4 Rxf3 46. Ne6+ Kh6 47. Ng5 Rxg3 48. Rxf7 Nf6 49. Rxf6 Rg4+ 50. Ne4 Rxh4 51. Rf1 Rh2 52. Ra1 Rb2 53. a5 Rb8 54. a6 h4 55. Ra5 Rb4+ 56. Ke5 1-0

[Event "Pan American Intercollegiate-chT"]
[Site "Charlotte"]
[Date "2019.12.28"]
[Round "2.2"]
[White "Malhotra, Akshay"]
[Black "Ipatov, Alexander"]
[Result "0-1"]
[WhiteElo "2153"]
[BlackElo "2631"]
[PlyCount "59"]
[EventDate "2019.12.27"]
[EventType "team-swiss"]
[EventRounds "6"]
[EventCountry "USA"]
[SourceTitle "CBM 194 Extra"]
[Source "ChessBase"]
[SourceDate "2020.03.31"]
[SourceVersion "1"]
[SourceVersionDate "2020.03.31"]
[SourceQuality "1"]
[WhiteTeam "Penn Univ"]
[BlackTeam "St Louis Univ"]
[WhiteTeamCountry "USA"]
[BlackTeamCountry "USA"]

1. d4 d6 2. Nf3 Nf6 3. c4 g6 4. Nc3 Bf5 5. g3 Ne4 6. Bg2 Nxc3 7. bxc3 Bg7 8. Nh4 Bc8 9. Rb1 0-0 10. 0-0 Nc6 11. Be3 Qe8 12. Qd2 Na5 13. Rb4 Bd7 14. Bxb7 Nxb7 15. Rxb7 Bc8 16. Rb4 a5 17. Rbb1 Qa4 18. Rb2 Qxc4 19. Nf3 Bh3 20. Rc1 Rfb8 21. Rcb1 Rxb2 22. Rxb2 c5 23. Ng5 Bf5 24. Kg2 h6 25. Nh3 g5 26. f3 a4 27. Nf2 a3 28. Rb7 Be6 29. Rb3 Qxb3 30. Qd1 0-1

[Event "Midwest-ch Collegiate"]
[Site "Columbia"]
[Date "2019.10.05"]
[Round "3"]
[White "Oparin, Grigoriy"]
[Black "Ipatov, Alexander"]
[Result "1-0"]
[WhiteElo "2654"]
[BlackElo "2637"]
[PlyCount "105"]
[EventDate "2019.10.04"]
[EventType "swiss"]
[EventRounds "5"]
[EventCountry "USA"]
[SourceTitle "EXT 2020"]
[Source "ChessBase"]
[SourceDate "2019.10.17"]
[SourceVersion "1"]
[SourceVersionDate "2019.10.17"]
[SourceQuality "1"]

1. d4 Nf6 2. c4 b6 3. Nf3 Bb7 4. g3 g6 5. Bg2 Bg7 6. 0-0 0-0 7. Re1 c5 8. d5 b5 9. e4 bxc4 10. Nfd2 d6 11. Nxc4 Nbd7 12. Bd2 Ba6 13. Nba3 Nb6 14. b3 Nfd7 15. Rb1 Ne5 16. Qc2 Qd7 17. Nxe5 Bxe5 18. Bc3 Bxc3 19. Qxc3 Rac8 20. e5 dxe5 21. Qxe5 Rfe8 22. h4 Qd6 23. Qg5 c4 24. Nxc4 Bxc4 25. bxc4 Rxc4 26. h5 Rc5 27. Rbd1 Nd7 28. Rd4 e5 29. Ra4 a5 30. Qd2 Rec8 31. Rxa5 Rc2 32. Qe3 R2c3 33. Qe2 Rc2 34. Qa6 Qb4 35. Rf1 Kg7 36. Ra4 Qc5 37. Qa7 Rc7 38. Qxc5 Nxc5 39. Ra5 e4 40. d6 Rd7 41. Rd1 f5 42. Bf1 Kf6 43. Bb5 Rd8 44. d7 gxh5 45. Rd6+ Ke5 46. Rh6 Kd4 47. Rxh5 Nxd7 48. Bxd7 Rxd7 49. Rhxf5 e3 50. Ra4+ Kd3 51. Ra3+ Rc3 52. Rxc3+ Kxc3 53. Rf3 1-0

[Event "Midwest-ch Collegiate"]
[Site "Columbia"]
[Date "2019.10.04"]
[Round "1"]
[White "Bartochowski, Nicholas J"]
[Black "Ipatov, Alexander"]
[Result "0-1"]
[WhiteElo "2109"]
[BlackElo "2637"]
[PlyCount "40"]
[EventDate "2019.10.04"]
[EventType "swiss"]
[EventRounds "5"]
[EventCountry "USA"]
[SourceTitle "EXT 2020"]
[Source "ChessBase"]
[SourceDate "2019.10.17"]
[SourceVersion "1"]
[SourceVersionDate "2019.10.17"]
[SourceQuality "1"]

1. e4 e5 2. Nf3 Nc6 3. d4 exd4 4. Nxd4 Bb4+ 5. c3 Be7 6. Bd3 d6 7. Be3 Nf6 8. Nd2 0-0 9. h3 Ne5 10. Bc2 c5 11. Ne2 d5 12. f4 Nc6 13. e5 d4 14. Bf2 d3 15. exf6 dxc2 16. Qxc2 Bxf6 17. Ne4 Bh4 18. 0-0 Bf5 19. Bxh4 Qxh4 20. N2g3 Qxg3 0-1